Seminar on automation (Record no. 3707)

000 -LEADER
fixed length control field 00398nam a22001457a 4500
008 - FIXED-LENGTH DATA ELEMENTS--GENERAL INFORMATION
fixed length control field 200626b ||||| |||| 00| 0 eng d
082 00 - DEWEY DECIMAL CLASSIFICATION NUMBER
Classification number 629.8
Item number L759
100 ## - MAIN ENTRY--PERSONAL NAME
9 (RLIN) 3037
Personal name Linsky, Chester.
245 10 - TITLE STATEMENT
Title Seminar on automation
260 ## - PUBLICATION, DISTRIBUTION, ETC. (IMPRINT)
Place of publication, distribution, etc Pennsylvenia
Name of publisher, distributor, etc Pennsylvenia State University
Date of publication, distribution, etc 1955
300 ## - PHYSICAL DESCRIPTION
Extent xxi,100 p.
365 ## - TRADE PRICE
Unit of pricing 39.75
650 #0 - SUBJECT ADDED ENTRY--TOPICAL TERM
Topical term or geographic name as entry element Automation
942 ## - ADDED ENTRY ELEMENTS (KOHA)
Item type Books
Holdings
Withdrawn status Lost status Source of classification or shelving scheme Damaged status Not for loan Permanent location Current location Date acquired Source of acquisition Full call number Barcode Date last seen Koha item type
          IMU Kolkata IMU Kolkata 1961-02-14 Bailey books and suppliers 629.8 L759 02580 2020-06-26 Books
Designed and Maintained by IMU-KC Library, Kolkata Campus © Copyright All Rights Reserved

webs counters

Powered by Koha